[Event "Penang op-B 7th"]
[Site "Penang"]
[Date "2015.12.07"]
[Round "1"]
[White "Noel, Nicolas"]
[Black "Goh, Ming Wyne"]
[Result "1-0"]
[WhiteElo "1671"]
[BlackElo "1262"]
[PlyCount "59"]
[EventDate "2015.12.07"]
[EventType "swiss"]
[EventRounds "9"]
[EventCountry "MAS"]
[SourceTitle "CBM 170 Extra"]
[Source "ChessBase"]
[SourceDate "2016.02.25"]
[SourceVersion "1"]
[SourceVersionDate "2016.02.25"]
[SourceQuality "1"]

1. e4 e5 2. Nf3 Nc6 3. Bb5 a6 4. Bxc6 dxc6 5. 0-0 Nf6 6. Nxe5 Be7 7. Nc3 0-0 8. d4 Bb4 9. Bg5 h6 10. Bxf6 Qxf6 11. Qf3 Qxf3 12. Nxf3 f6 13. h3 Bxc3 14. bxc3 b5 15. e5 Be6 16. Rfe1 Rae8 17. Nd2 Bd5 18. a4 Re6 19. axb5 axb5 20. Ra7 Rc8 21. f4 f5 22. Nb3 Bxb3 23. cxb3 g5 24. Rf1 Kf7 25. fxg5 hxg5 26. Rxf5+ Kg6 27. g4 c5 28. d5 Ree8 29. d6 cxd6 30. Rf6# 1-0